Films de François Truffaut par images - Statistiques

Statistiques générales
  • Ce quiz a été pris 51 fois
  • Le résultat moyen est 7 sur 16
Statistiques - réponses
Par images Réponse % Correct
Les Quatre Cents Coups
93%
Le Dernier Métro
61%
La Nuit américaine
59%
Jules et Jim
57%
La mariée était en noir
55%
L'Enfant sauvage
55%
Tirez sur le pianiste
52%
L'Histoire d'Adèle H.
50%
Baisers volés
43%
L'Homme qui aimait les femmes
41%
La Femme d'à côté
36%
Domicile conjugal
34%
La Peau douce
34%
Vivement dimanche !
32%
Les Deux Anglaises et le Continent
27%
L'Argent de poche
18%
Aucun quiz correspondant
Distribution des résultats
% des personnes avec chaque résultat
Percentile par nombre de réponses
Votre historique - résultats
Vous n’avez pas pris ce quiz